इसे छोड़कर सामग्री पर बढ़ने के लिए
Inicio
Centros participantes
Catálogo
Servicios
Contacto
लॉग इन करें
English
Deutsch
Español
Français
Italiano
日本語
Nederlands
Português
Português (Brasil)
中文(简体)
中文(繁體)
Türkçe
עברית
Gaeilge
Cymraeg
Ελληνικά
Català
Euskara
Русский
Čeština
Suomi
Svenska
polski
Dansk
slovenščina
اللغة العربية
বাংলা
Galego
Tiếng Việt
Hrvatski
हिंदी
Հայերէն
Українська
Sámegiella
भाषा
सभी फ़ील्ड्स
शीर्षक
लेखक
विषय
बोधानक
आईएसबीएन / आईएसएसएन
टैग
खोज
उन्नत
Informe del C.N.P. al Banco Ce...
इसे उद्धृत करें
इसे ईमेल करें
प्रिंट
निर्यात रिकॉर्ड
को निर्यात RefWorks
को निर्यात EndNoteWeb
को निर्यात EndNote
सूची में सहेजें
स्थायी लिंक
पहली रेटिंग जोड़ें
Informe del C.N.P. al Banco Centroamericano de Integración Económica para el estudio de "elegibilidad del empréstito"
में बचाया:
ग्रंथसूची विवरण
निगमित लेखक:
Consejo Nacional de Producción
स्वरूप:
मूलपाठ
प्रकाशित:
San José:
CNP
टैग:
टैग जोड़ें
कोई टैग नहीं, इस रिकॉर्ड को टैग करने वाले पहले व्यक्ति बनें!
होल्डिंग्स
विवरण
टिप्पणियाँ
समान संसाधन
स्टाफ के लिए
MARC
LEADER
00000 a a2200000 04500
001
16473
003
040
090
|a
012200
110
|a
Consejo Nacional de Producción
245
|a
Informe del C.N.P. al Banco Centroamericano de Integración Económica para el estudio de "elegibilidad del empréstito"
260
|a
San José:
|b
CNP
300
|a
9 p
999
|c
16389
|d
16389
समान संसाधन
El Problema del "aparato del estado" en el capitalismo contemporáneo: notas preliminares para una investigación
द्वारा: Boron, Atilio A
Condicionantes de la conciencia social del asalariado de la caña (proyecto de investigación)
द्वारा: Li Kam, Sui Moy
Ley constitutiva. Reglamento de los riesgos de enfermedad y maternidad. Reglamento del seguro de invalidez, vejez y muerte /
La Universidad Nacional: un aporte académico para el cambio
द्वारा: Chaves Camacho, Jorge Arturo
América Latina: Las críticas a las ciencias sociales y las tareas inmediatas
द्वारा: González Casanova, Pablo